[Event "AUT-ch U14 Girls"]
[Site "St Veit"]
[Date "2022.04.13"]
[Round "6"]
[White "Ramirez Gaviria, Maya"]
[Black "Poetscher, Katharina"]
[Result "1/2-1/2"]
[WhiteElo "924"]
[BlackElo "1041"]
[PlyCount "62"]
[EventDate "2022.04.10"]
[EventType "swiss"]
[EventRounds "6"]
[EventCountry "AUT"]
[SourceTitle "EXT 2023"]
[Source "ChessBase"]
[SourceDate "2022.10.05"]
[SourceVersion "1"]
[SourceVersionDate "2022.10.05"]
[SourceQuality "1"]

1. e4 c6 2. d4 d5 3. e5 Bf5 4. h4 e6 5. g4 Ne7 6. gxf5 Nxf5 7. Nf3 Be7 8. h5 Nd7 9. Bd3 c5 10. Bxf5 exf5 11. c3 Qb6 12. Rg1 Rg8 13. Qc2 g6 14. hxg6 fxg6 15. Be3 0-0-0 16. Nbd2 c4 17. Bg5 Rde8 18. Bxe7 Rxe7 19. Rh1 Rh8 20. 0-0-0 Qa6 21. Kb1 Nb6 22. Rh6 Re6 23. Ng5 Rc6 24. Rxh7 Na4 25. Rxh8+ Kc7 26. b3 cxb3 27. Rh7+ Kc8 28. Rh8+ Kc7 29. Rh7+ Kc8 30. Rh8+ Kc7 31. Rh7+ Kc8 1/2-1/2

[Event "AUT-ch U12 Girls"]
[Site "St Veit"]
[Date "2021.10.25"]
[Round "1.3"]
[White "Ramirez Gaviria, Maya"]
[Black "Antenreiter, Lena"]
[Result "1-0"]
[WhiteElo "887"]
[BlackElo "1199"]
[PlyCount "33"]
[EventDate "2021.10.25"]
[EventType "swiss"]
[EventRounds "7"]
[EventCountry "AUT"]
[SourceTitle "EXT 2023"]
[Source "ChessBase"]
[SourceDate "2022.10.05"]
[SourceVersion "1"]
[SourceVersionDate "2022.10.05"]
[SourceQuality "1"]

1. e4 e5 2. Nf3 Nc6 3. Bc4 Bc5 4. Nc3 d6 5. h3 Nf6 6. d3 Be6 7. Bb3 Bxb3 8. axb3 Qd7 9. Be3 Nd4 10. Nd5 Nxd5 11. exd5 0-0-0 12. c3 Nxf3+ 13. Qxf3 Kb8 14. b4 Bxe3 15. Qxe3 f5 16. Qxa7+ Kc8 17. Qa8# 1-0